Sinónimos castellanos

I tiakina i:
Ngā taipitopito rārangi puna kōrero
Kaituhi matua: Barcia, Roque, 1823-1885
Hōputu: Tāhiko īPukapuka
Reo:Pāniora
I whakaputaina: Bogotá, D.C. : Editorial Universidad del Rosario : Universidad Colegio Mayor de Nuestra Señora del Rosario, Facultad de Jurisprudencia, 2010.
Rangatū:Colección Clásicos del saber.
Digitalia eBook Collection: Universidad del Rosario.
Ngā marau:
Urunga tuihono:Digitalia Hispánica
Tags: Tāpirihia he Tūtohu
No Tags, Be the first to tag this record!

MARC

LEADER 00000nam a2200000Ia 4500
001 DIGUDROS2101
003 NyNyDIG
006 m d
007 cr |||||||||||
008 130701s2010 ck o 000 0 spa
020 |z 9587381068 (pbk.) 
020 |z 9789587381061 (pbk.) 
040 |a DGITA  |b eng  |e pn  |c DGITA 
050 4 |a PC4591 ebook 
100 1 |a Barcia, Roque,   |d 1823-1885. 
245 1 0 |a Sinónimos castellanos   |h [electronic resource] /  |c Roque Barcia. 
260 |a Bogotá, D.C. :  |b Editorial Universidad del Rosario :  |b Universidad Colegio Mayor de Nuestra Señora del Rosario, Facultad de Jurisprudencia,   |c 2010.  |e (New York, NY. :  |f Digitalia Inc,   |g 2012). 
300 |a 1 online resource (401 p.) 
490 1 |a Colección Clásicos del saber. 
500 |a "Primera edición para Colombia". 
500 |a "La presente publicación se basa en la décima edición de Sinónimos castellanos publicada por Editorial Sopena, Argentina en 1967. De igual forma se consultaron otras ediciones del mismo diccionario" (p. 7). 
506 |a Access restricted to subscribing institutions. 
650 0 |a Spanish language  |x Synonyms and antonyms. 
655 0 |a Electronic books. 
791 2 |a Digitalia (Firm),  |e distributor. 
830 0 |a Colección Clásicos del saber. 
830 0 |a Digitalia eBook Collection: Universidad del Rosario. 
856 4 0 |3 Digitalia Hispánica  |u https://digitalia.unach.elogim.com/a/18392/